| 000 | 01013cam a2200313 i 4500 | ||
|---|---|---|---|
| 001 | 18157 | ||
| 003 | CO-MdFUSB | ||
| 005 | 20220806095013.0 | ||
| 008 | 220806s2006 gw |||| |||| 00| 0 eng d | ||
| 020 | _a978-3-438-06044-0 | ||
| 040 |
_bspa. _aCO-MdFUSB _cCO-MdFUSB _dCO-MdFUSBC _erda |
||
| 041 |
_aeng _agrc |
||
| 082 | 0 | 4 |
_aR 225.48 _bO547t |
| 100 | 1 |
_aOmanson, Roger L. _eAutor |
|
| 245 | 1 | 0 |
_aA textual guide to the greek New Testament / _c/ Roger L. Omanson ; adaptado por Bruce M. Metzger's |
| 260 | _aDeutsche Bibelgesellschaft | ||
| 264 | 1 |
_aStuttgart, Alemania : _bDeutsche Bibelgesellschaft, _c[2006] |
|
| 264 | 4 | _c© 2006 | |
| 300 |
_a553 p. _c; |
||
| 336 |
_2rdacontent _atexto _btxt |
||
| 337 |
_2rdamedia _asin mediación _bn |
||
| 338 |
_2rdacarrier _avolumen _bnc |
||
| 500 | _aPara este volumen se uso la cuarta edicción de la United Bible Societies' Greek New Testament | ||
| 501 | _apasta dura | ||
| 653 | _aBiblia N.T | ||
| 653 | _aGriego | ||
| 942 | _cBK | ||
| 945 | _aEstudiante | ||
| 999 |
_c44630 _d44630 |
||